Triangle Founders - Statistics

General Stats
  • This quiz has been taken 95 times
  • The average score is 13 of 16
Answer Stats
Hint Answer % Correct
1 Adams
95%
3 Cutler
91%
14 Slaymaker
91%
2 Burroughs
86%
4 Harder
86%
8 McCoy
82%
9 Morgan
82%
11 Pierce
82%
15 Waterhouse
82%
5 Howser
77%
16 Weber
77%
12 Ropp
73%
13 Schwerin
73%
6 Keough
64%
10 Nettleton
59%
7 Lowrey
50%
No matching quizzes found
Score Distribution
Percent of People with Each Score
Percentile by Number Answered
Your Score History
You have not taken this quiz